Sports Quiz

Random Sports or Baseball Quiz

World Series Starters: Cincinnati Reds Quiz Stats

 Plays Quiz not verified by Sporcle

Challenge
Share
Tweet
Embed
Score 0/81 Timer 10:00
0 Plays Today
Year(s) Player % Correct
1970, 1972, 1975, 1976Johnny Bench
98.9%
1970, 1972, 1975, 1976Pete Rose
96.6%
1970, 1972, 1975, 1976Tony Perez
88.8%
1972, 1975, 1976Joe Morgan
88.8%
1990Barry Larkin
88.8%
1990Chris Sabo
88.8%
1975, 1976George Foster
86.5%
1970, 1972, 1975, 1976Dave Concepcion
85.4%
1990Eric Davis
85.4%
1990Jose Rijo
85.4%
1972, 1975, 1976Don Gullett
84.3%
1975, 1976Ken Griffey
84.3%
1961Frank Robinson
79.8%
1972, 1975, 1976Cesar Geronimo
78.7%
1990Paul O'Neill
76.4%
1990Hal Morris
75.3%
1990Billy Hatcher
74.2%
1970Lee May
71.9%
1990Joe Oliver
71.9%
1972, 1975Jack Billingham
70.8%
1976Dan Driessen
70.8%
1990Tom Browning
69.7%
1970Bernie Carbo
67.4%
1990Danny Jackson
66.3%
1990Mariano Duncan
64%
1919Pat Duncan
62.9%
1939, 1940Ernie Lombardi
62.9%
Year(s) Player % Correct
1970Tommy Helms
59.6%
1990Todd Benzinger
58.4%
1970, 1972, 1975, 1976Gary Nolan
57.3%
1961Vada Pinson
56.2%
1970, 1972Bobby Tolan
53.9%
1961Darrell Johnson
49.4%
1970Jim Merritt
47.2%
1972Denis Menke
44.9%
1970, 1972Hal McRae
43.8%
1975, 1976Fred Norman
41.6%
1961Wally Post
37.1%
1961Joey Jay
37.1%
1972Darrel Chaney
33.7%
1939, 1940Paul Derringer
32.6%
1940Jimmie Wilson
32.6%
1939, 1940Bucky Walters
31.5%
1939, 1940Frank McCormick
30.3%
1940Mike McCormick
30.3%
1961Johnny Edwards
29.2%
1976Pat Zachry
29.2%
1919Edd Roush
28.1%
1961Jim O'Toole
27%
1961Bob Purkey
25.8%
1970Woody Woodward
24.7%
1961Gordy Coleman
23.6%
1919Heinie Groh
20.2%
1970, 1972Jim McGlothlin
19.1%
Year(s) Player % Correct
1939, 1940Ival Goodman
18%
1939, 1940Gene Thompson
18%
1961Eddie Kasko
18%
1972Ross Grimsley
16.9%
1970Tony Cloninger
15.7%
1961Don Blasingame
14.6%
1961Gene Freese
13.5%
1919Ivey Wingo
12.4%
1939, 1940Billy Werber
12.4%
1939Lonny Frey
12.4%
1939, 1940Billy Myers
12.4%
1919Jake Daubert
11.2%
1939Wally Berger
10.1%
1919Morrie Rath
9%
1919Larry Kopf
9%
1919Dutch Ruether
9%
1939Harry Craft
9%
1961Elio Chacon
9%
1919Greasy Neale
7.9%
1919Bill Rariden
7.9%
1919Jimmy Ring
7.9%
1919Hod Eller
7.9%
1940Jim Turner
7.9%
1919Slim Sallee
6.7%
1919Ray Fisher
6.7%
1940Eddie Joost
6.7%
1940Jimmy Ripple
5.6%

You're not logged in!

Compare scores with friends on all Sporcle quizzes.
OR
Log In

You Might Also Like...

Show Comments

Extras

Top Quizzes Today


Score Distribution

Your Account Isn't Verified!

In order to create a playlist on Sporcle, you need to verify the email address you used during registration. Go to your Sporcle Settings to finish the process.

Report this User

Report this user for behavior that violates our Community Guidelines.

Details: